000 00538nam a2200181Ia 4500
005 20251121150140.0
008 230125s9999 xx 000 0 und d
041 _aeng
082 _a158.1
_bMAN
100 _aManresa M
_9215284
245 _aLearning to Say No When you usually say yes
_bEverything you Need to Know Explained Simply
260 _bJaico Publishing House
_aNew Delhi
300 _a132p
500 _aPersonality Development
650 _aPersonality Development
_9213420
700 _aManresa M
_9215284
942 _cBK
999 _c94160
_d94160